Метод определения степени размягчения каменных углей при нагревании и новые числовые характеристики для спекающихся углей; Кокс и химия; № 10

Detalles Bibliográficos
Parent link:Кокс и химия: научно-технический и производственный журнал/ Орган главного управления коксохимической промышленности СССР.— , 1931-.— 0023-2815
№ 10.— 1935.— с. 18-23
Autor Principal: Геблер И. В.
Idioma:ruso
Publicado: 1935
Subjects:
Formato: Capítulo de libro
KOHA link:https://koha.lib.tpu.ru/cgi-bin/koha/opac-detail.pl?biblionumber=426561

MARC

LEADER 00000naa2a2200000 4500
001 426561
005 20241226121517.0
035 |a (RuTPU)RU\TPU\prd\85317 
035 |a RU\TPU\tpu\1237 
090 |a 426561 
100 |a 20100708d1935 k||y0rusy50 ca 
101 0 |a rus 
102 |a RU 
200 1 |a Метод определения степени размягчения каменных углей при нагревании и новые числовые характеристики для спекающихся углей  |f И. В. Геблер 
461 |0 (RuTPU)RU\TPU\prd\219  |x 0023-2815  |t Кокс и химия  |o научно-технический и производственный журнал  |f Орган главного управления коксохимической промышленности СССР  |d 1931- 
463 |0 (RuTPU)RU\TPU\prd\11662  |t № 10  |v с. 18-23  |d 1935 
610 1 |a химические науки 
610 1 |a труды учёных ТПУ 
700 1 |a Геблер  |b И. В. 
801 0 |a RU  |b 63413507  |c 20011210  |g PSBO 
801 2 |a RU  |b 63413507  |c 20100708  |g PSBO 
942 |c CR